Personální marketing
Nové ekonomické podmienky vytvárajú potrebu nových metód a nového prístupu riadenia ľudských zdrojov. Vymedzenie personálneho marketingu a jeho nástroje. Ciele personálneho výskumu. Vzťahy medzi trhom pracovných síl, podnikom a jeho zamestnancami.
Na minha lista:
| Autor principal: | |
|---|---|
| Outros Autores: | |
| Formato: | Capítulo de Livro |
| Idioma: | tcheco |
| Assuntos: | |
| Tags: |
Sem tags, seja o primeiro a adicionar uma tag!
|
MARC
| LEADER | 00000naa$a2200000$$$4500 | ||
|---|---|---|---|
| 001 | 0004013 | ||
| 005 | 20231002104747.3 | ||
| 041 | 0 | |a cze | |
| 044 | |a CZ | ||
| 245 | 1 | 0 | |a Personální marketing |c aut. Ivana Poláková, Stanislav Häuser |
| 520 | |a Nové ekonomické podmienky vytvárajú potrebu nových metód a nového prístupu riadenia ľudských zdrojov. Vymedzenie personálneho marketingu a jeho nástroje. Ciele personálneho výskumu. Vzťahy medzi trhom pracovných síl, podnikom a jeho zamestnancami. | ||
| 610 | 2 | 0 | |a manažment personálny |
| 610 | 2 | 0 | |a marketing personálny |
| 610 | 2 | 0 | |a marketing |
| 610 | 2 | 0 | |a personalistika |
| 610 | 2 | 0 | |a trh práce |
| 610 | 2 | 0 | |a podnik |
| 610 | 2 | 0 | |a zamestnanci |
| 610 | 2 | 0 | |a výhody konkurenčné |
| 100 | 1 | |a Poláková, Ivana | |
| 700 | 1 | |a Häuser, Stanislav | |